[Event "Uni Bamberg - Uni Muenster 1"]
[Site "Augsburg"]
[Date "2009.10.09"]
[Round "3.4"]
[White "Bandau, Frank"]
[Black "Stopka, Tobias"]
[Result "1/2-1/2"]
[WhiteElo "1718"]
[BlackElo "1892"]
[PlyCount "102"]
[EventDate "2009.10.08"]

1. e4 e6 2. d4 d5 3. Nc3 Bb4 4. e5 c5 5. a3 Bxc3+ 6. bxc3 Ne7 7. Qg4 O-O 8. Bd3
f5 9. Qh3 Nbc6 10. Nf3 Qa5 11. Bd2 Qa4 12. dxc5 Qg4 13. Qg3 Ng6 14. Qxg4 fxg4
15. Nd4 Ncxe5 16. Bxg6 Nxg6 17. O-O Ne5 18. Rfe1 Nc4 19. Bg5 e5 20. Nb5 Bf5 21.
Nd6 Nxd6 22. cxd6 e4 23. Rad1 Bd7 24. Rxd5 Rfe8 25. Be7 Rac8 26. Rb1 b6 27. Rb3
Rc4 28. Rb4 Rxb4 29. cxb4 Kf7 30. Re5 h6 31. Rxe4 g5 32. c4 Kg6 33. c5 Kf5 34.
Re1 bxc5 35. bxc5 h5 36. Rc1 Rb8 37. h3 Bc6 38. Rd1 Rb7 39. Kh2 gxh3 40. Kxh3
Rb3+ 41. Kh2 Rb7 42. Rd3 g4 43. Kg3 Ke4 44. Re3+ Kd5 45. Kf4 Rb2 46. Re5+ Kd4
47. Rxh5 Rxf2+ 48. Kxg4 Rxg2+ 49. Kf5 Bd7+ 50. Kf6 Rf2+ 51. Kg7 Rf5 1/2-1/2

[Event "Uni Karlsruhe 2 - Uni Muenster 2"]
[Site "Augsburg"]
[Date "2009.10.09"]
[Round "3.1"]
[White "Webner, Dennis"]
[Black "Strohhaeker, Ralph"]
[Result "0-1"]
[WhiteElo "2048"]
[BlackElo "2073"]
[PlyCount "78"]
[EventDate "2009.10.08"]

1. e4 c5 2. Nc3 e6 3. g3 Nc6 4. Bg2 Nf6 5. d3 d5 6. Bg5 dxe4 7. dxe4 Bd7 8.
Nge2 Be7 9. O-O O-O 10. f4 Ng4 11. Bxe7 Qxe7 12. Rf3 Rfd8 13. h3 Nh6 14. Qe1
Nd4 15. Nxd4 cxd4 16. Nd1 Qc5 17. Qf2 Bc6 18. Rc3 Qe7 19. Rd3 e5 20. f5 Rd7 21.
Qd2 f6 22. Nf2 Rc8 23. Bf3 Nf7 24. a4 b5 25. axb5 Bxb5 26. Rb3 Nd6 27. Be2 Bc4
28. Rf3 Rdc7 29. Bd1 Bb5 30. b3 Bc6 31. Qe1 Nb5 32. Be2 Na3 33. Bd3 Bb5 34. Ra2
Bxd3 35. cxd3 Rc1 36. Nd1 Nc2 37. Qd2 Ne3 38. Rf1 Nxf1 39. Kxf1 Qf7 0-1

[Event "Uni Karlsruhe 2 - Uni Muenster 2"]
[Site "Augsburg"]
[Date "2009.10.09"]
[Round "3.2"]
[White "Fucik, Timo"]
[Black "Wolffgang, Georg"]
[Result "0-1"]
[WhiteElo "2093"]
[BlackElo "1828"]
[PlyCount "79"]
[EventDate "2009.10.08"]

1. d4 d6 2. g3 g6 3. e4 Nf6 4. Nc3 c6 5. f3 Nbd7 6. a4 Bg7 7. Be3 O-O 8. Qd2 e5
9. Nge2 Re8 10. Bg2 exd4 11. Bxd4 Nb6 12. O-O d5 13. Rad1 Nc4 14. Qc1 Qe7 15.
b3 dxe4 16. bxc4 exf3 17. Bxf3 Be6 18. Qf4 Bf5 19. Bxf6 Bxf6 20. Nd4 Qc5 21.
Kh1 Be5 22. Qh4 Bxc2 23. Nxc2 Bxc3 24. Bg2 Re7 25. Rd3 Ba5 26. Qd4 Qh5 27. Qf6
Rae8 28. Rdf3 Qc5 29. Qd4 Bb6 30. Qxc5 Bxc5 31. Na1 f5 32. Nb3 Be3 33. Na5 Bd4
34. Rd3 Bb6 35. Nxb7 c5 36. Kg1 Re2 37. Bd5+ Kg7 38. Rf2 a5 39. Rxe2 Rxe2 40.
Bc6 0-1

[Event "Uni Karlsruhe 2 - Uni Muenster 2"]
[Site "Augsburg"]
[Date "2009.10.09"]
[Round "3.3"]
[White "Braun, Oskar"]
[Black "Augner, Bjoern"]
[Result "0-1"]
[WhiteElo "1691"]
[BlackElo "2007"]
[PlyCount "58"]
[EventDate "2009.10.08"]

1. d4 Nf6 2. c4 g6 3. Nc3 d5 4. cxd5 Nxd5 5. e4 Nxc3 6. bxc3 Bg7 7. Bc4 O-O 8.
Ne2 c5 9. O-O Nc6 10. Be3 cxd4 11. cxd4 b6 12. Bd5 Bb7 13. Rc1 Qd7 14. Bxc6
Bxc6 15. d5 Bb5 16. Re1 Rac8 17. Qd2 Rxc1 18. Rxc1 Rc8 19. Rxc8+ Qxc8 20. h3
Qc4 21. Nd4 Bd7 22. Nc6 Qxe4 23. Nxa7 Be5 24. f3 Qb1+ 25. Kf2 Bh2 26. f4 Bf5
27. Kf3 Be4+ 28. Kg4 Qf1 29. Qf2 Qd1+ 0-1

[Event "Uni Karlsruhe 2 - Uni Muenster 2"]
[Site "Augsburg"]
[Date "2009.10.09"]
[Round "3.4"]
[White "Konrad, Bernhard"]
[Black "Reitsam, David"]
[Result "1-0"]
[WhiteElo "1710"]
[BlackElo "1523"]
[PlyCount "107"]
[EventDate "2009.10.08"]

1. e4 e6 2. d3 d5 3. Nd2 c5 4. Ngf3 Nc6 5. g3 Bd6 6. Bg2 Nf6 7. O-O O-O 8. Re1
dxe4 9. dxe4 e5 10. c3 b6 11. Nc4 Bc7 12. Qc2 Be6 13. Ne3 Qe8 14. Nh4 Ne7 15.
Nhf5 Bxf5 16. exf5 Rd8 17. g4 Ned5 18. g5 Nxe3 19. Bxe3 Nd5 20. f6 Nxe3 21.
Rxe3 g6 22. Rh3 Qe6 23. Qe4 h5 24. Qh4 Rd2 25. Bf3 Rd3 26. Rg3 Rfd8 27. Qe4 Rd2
28. b3 R2d3 29. Be2 Rxg3+ 30. hxg3 Qd5 31. Qxd5 Rxd5 32. Rd1 Rxd1+ 33. Bxd1 Kf8
34. Bf3 Ke8 35. Bd5 Bd6 36. Kg2 Kf8 37. Kf3 Bb8 38. Ke4 Bd6 39. Kf3 Bb8 40. Ke4
Bd6 41. Kd3 e4+ 42. Kxe4 h4 43. gxh4 Bh2 44. Kf3 a5 45. c4 Be5 46. Kg4 Bd4 47.
f4 Be3 48. f5 Bd4 49. Be4 gxf5+ 50. Kxf5 Bc3 51. h5 Bb2 52. Bd5 Bc1 53. g6 Bh6
54. Bxf7 1-0

[Event "TU Dresden - Augusta Vindelicum"]
[Site "Augsburg"]
[Date "2009.10.10"]
[Round "4.1"]
[White "Sargin, Anatol"]
[Black "Loxine, Iakov"]
[Result "0-1"]
[WhiteElo "2179"]
[BlackElo "2365"]
[PlyCount "66"]
[EventDate "2009.10.08"]

1. e4 c5 2. c3 e6 3. d4 d5 4. e5 Nc6 5. Nf3 Qb6 6. Bd3 cxd4 7. cxd4 Bd7 8. O-O
Nxd4 9. Nxd4 Qxd4 10. Nc3 a6 11. Qe2 Ne7 12. Kh1 Nc6 13. f4 Nb4 14. Rd1 Bc5 15.
Bb1 Qf2 16. Qg4 h5 17. Qh3 Bc6 18. Bd2 Bd7 19. a3 Nc6 20. Bd3 g6 21. Rac1 Ba7
22. b4 Ne7 23. Ne2 Nf5 24. Rf1 Qb6 25. Ng3 Ne3 26. Bxe3 Qxe3 27. Bb1 h4 28. f5
gxf5 29. Bxf5 Rh6 30. Qg4 hxg3 31. h3 exf5 32. Qg8+ Ke7 33. Qxa8 Rxh3+ 0-1

[Event "TU Dresden - Augusta Vindelicum"]
[Site "Augsburg"]
[Date "2009.10.10"]
[Round "4.3"]
[White "Buehler, Florian"]
[Black "Siedentopf, Daniel"]
[Result "1/2-1/2"]
[WhiteElo "2018"]
[BlackElo "2227"]
[PlyCount "71"]
[EventDate "2009.10.08"]

1. d4 f5 2. Bg5 g6 3. Nc3 Bg7 4. e4 fxe4 5. Nxe4 d5 6. Ng3 Qd6 7. Qd2 Qb6 8. c3
Nc6 9. Bd3 Nf6 10. h4 Bg4 11. f3 Bd7 12. h5 Nxh5 13. Nxh5 gxh5 14. O-O-O O-O-O
15. Rxh5 h6 16. Be3 Be8 17. Rh1 Bf7 18. b3 Qa5 19. f4 Qa3+ 20. Qb2 Qxb2+ 21.
Kxb2 Rdg8 22. Nf3 Bf8 23. g4 e6 24. Rdg1 Kd7 25. Bb5 Bd6 26. Ne5+ Bxe5 27. fxe5
h5 28. gxh5 Rxg1 29. Bxg1 Rxh5 30. Rxh5 Bxh5 31. Be3 Bg6 32. Bg5 a6 33. Be2 Bf5
34. a4 Ke8 35. Bh5+ Kd7 36. Be2 1/2-1/2

[Event "TU Dresden - Augusta Vindelicum"]
[Site "Augsburg"]
[Date "2009.10.10"]
[Round "4.4"]
[White "Zimmermann, Rene"]
[Black "Luhn, Robert"]
[Result "0-1"]
[WhiteElo "2044"]
[BlackElo "2055"]
[PlyCount "134"]
[EventDate "2009.10.08"]

1. d4 d5 2. c4 c6 3. Nc3 Nf6 4. Nf3 e6 5. cxd5 exd5 6. Bg5 Be7 7. Qc2 O-O 8. e3
Nbd7 9. Bd3 Re8 10. O-O Nf8 11. Rab1 Ng6 12. b4 Ne4 13. Bxe7 Qxe7 14. Na4 Bg4
15. Nd2 Ng5 16. Rfe1 Nh4 17. f4 Ne4 18. Nxe4 dxe4 19. Be2 Bxe2 20. Rxe2 Nf5 21.
Qc5 Nd6 22. Nb2 Qe6 23. a4 b6 24. Qc3 Rac8 25. Rc1 Nf5 26. Qc4 Qd5 27. Kf2 Nd6
28. Qxd5 cxd5 29. Rec2 Kf8 30. Ke2 Ke7 31. Rc7+ Ke6 32. Kd2 Nc4+ 33. R7xc4 dxc4
34. Nxc4 Kd5 35. Na3 Rxc1 36. Kxc1 a6 37. g4 h5 38. h3 hxg4 39. hxg4 Rh8 40.
Kc2 Rh2+ 41. Kc3 Rh3 42. Nc2 f6 43. Kb3 Rg3 44. b5 a5 45. Kc3 Rxg4 46. Na3 g5
47. Nc4 gxf4 48. Nxb6+ Ke6 49. d5+ Kd6 50. exf4 Rxf4 51. Kd4 f5 52. Nc4+ Kd7
53. Kc5 Rf1 54. Ne5+ Kd8 55. Nc6+ Kc8 56. Kd4 Ra1 57. Ne7+ Kd7 58. Nxf5 Rxa4+
59. Kc5 Ra1 60. b6 Rb1 61. Ne3 a4 62. Ng4 a3 63. Nf6+ Kd8 64. Nxe4 a2 65. Nc3
a1=Q 66. Nxb1 Qxb1 67. Kc6 Qc2+ 0-1

[Event "Uni Karlsruhe 1 - Augusta Vindelicorum"]
[Site "Augsburg"]
[Date "2009.10.10"]
[Round "4.1"]
[White "Pitl, Gregory"]
[Black "Strohhaeker, Raoul"]
[Result "1/2-1/2"]
[WhiteElo "2405"]
[BlackElo "2443"]
[PlyCount "48"]
[EventDate "2009.10.08"]

1. d4 d5 2. c4 c6 3. Nf3 Nf6 4. e3 Bg4 5. Nc3 Nbd7 6. Qb3 Qb6 7. Ne5 Be6 8. f4
dxc4 9. Bxc4 Bxc4 10. Qxc4 e6 11. O-O Bd6 12. Nd3 O-O 13. Bd2 c5 14. d5 exd5
15. Nxd5 Nxd5 16. Qxd5 Nf6 17. Qf5 c4 18. Ne5 Bxe5 19. fxe5 Nd5 20. Qe4 Qxb2
21. Qxd5 Rad8 22. Qxc4 Rxd2 23. Qe4 Re8 24. Rab1 Qxe5 1/2-1/2

[Event "Uni Karlsruhe 1 - Augusta Vindelicorum"]
[Site "Augsburg"]
[Date "2009.10.10"]
[Round "4.2"]
[White "Wehner, Roland"]
[Black "Grimberg, Boris"]
[Result "1/2-1/2"]
[WhiteElo "2243"]
[BlackElo "2401"]
[PlyCount "51"]
[EventDate "2009.10.08"]

1. e4 c5 2. c3 d5 3. exd5 Nf6 4. Bb5+ Bd7 5. Bxd7+ Qxd7 6. c4 e6 7. Qe2 Bd6 8.
Nf3 O-O 9. dxe6 fxe6 10. Nc3 Nc6 11. d3 e5 12. O-O Nd4 13. Nxd4 exd4 14. Ne4
Nxe4 15. dxe4 d3 16. Qh5 Qc7 17. Qd5+ Kh8 18. g3 d2 19. Bxd2 Be5 20. Bc3 Bxc3
21. bxc3 Rad8 22. Qh5 Rd3 23. Rad1 Rxc3 24. Qg4 Rxc4 25. Rd7 Qe5 26. f4 1/2-1/2

[Event "Uni Karlsruhe 1 - Augusta Vindelicorum"]
[Site "Augsburg"]
[Date "2009.10.10"]
[Round "4.3"]
[White "Billing, Christian"]
[Black "Hauser, Carlos"]
[Result "1/2-1/2"]
[WhiteElo "2226"]
[BlackElo "2206"]
[PlyCount "57"]
[EventDate "2009.10.08"]

1. Nf3 d5 2. g3 Nf6 3. Bg2 c6 4. O-O Bf5 5. d3 Nbd7 6. Nh4 Bg6 7. Nd2 e6 8.
Nxg6 hxg6 9. e4 Be7 10. Qe2 dxe4 11. dxe4 e5 12. Rd1 Qc7 13. Nb3 Nc5 14. Bg5
Nxb3 15. axb3 O-O 16. h4 Rfd8 17. Bh3 Rxd1+ 18. Rxd1 Rd8 19. Rd3 Kf8 20. Qd2
Ke8 21. Rxd8+ Qxd8 22. Qxd8+ Kxd8 23. f3 Nh5 24. Kf2 Bxg5 25. hxg5 f6 26. gxf6
gxf6 27. Bg4 Ng7 28. Ke3 Kc7 29. c3 1/2-1/2

[Event "Uni Karlsruhe 1 - Augusta Vindelicorum"]
[Site "Augsburg"]
[Date "2009.10.10"]
[Round "4.4"]
[White "Belica, Matej"]
[Black "Nuber, Korbinian"]
[Result "1-0"]
[WhiteElo "2095"]
[BlackElo "2185"]
[PlyCount "80"]
[EventDate "2009.10.08"]

1. e4 Nf6 2. e5 Nd5 3. d4 d6 4. c4 Nb6 5. exd6 exd6 6. Nc3 Be7 7. Be3 O-O 8.
Bd3 Nc6 9. a3 Bf6 10. Nge2 Bg4 11. O-O d5 12. c5 Nc8 13. Qc2 Kh8 14. b4 Qd7 15.
b5 Nd8 16. h3 Bxe2 17. Nxe2 Ne7 18. Nf4 Ne6 19. Nxe6 Qxe6 20. Rfe1 Qd7 21. Rac1
Rfe8 22. c6 bxc6 23. bxc6 Qd6 24. Qa4 Rab8 25. g3 g5 26. Bd2 Qd8 27. Bb4 Nc8
28. Rxe8+ Qxe8 29. Re1 Qd8 30. Bc5 Be7 31. Bb4 Bxb4 32. axb4 Kg7 33. Kg2 Nd6
34. Re5 Nc4 35. Bxc4 dxc4 36. Qxa7 f6 37. Re2 Rb6 38. Qa4 Kf7 39. Qc2 Qd5+ 40.
Kh2 Kg8 {Zeitueberschreitung} 1-0

[Event "Uni Muenster 1 - Uni Augsburg 3"]
[Site "Augsburg"]
[Date "2009.10.10"]
[Round "4.1"]
[White "Muench, Klaus-Norbert"]
[Black "Ratkovitch, Dimitri"]
[Result "1/2-1/2"]
[WhiteElo "2147"]
[BlackElo "2088"]
[PlyCount "29"]
[EventDate "2009.10.08"]

1. Nf3 g6 2. g3 Bg7 3. Bg2 Nf6 4. O-O O-O 5. d3 d6 6. e4 c5 7. c4 Nc6 8. Nc3
Rb8 9. h3 a6 10. a4 Ne8 11. Be3 Nc7 12. d4 cxd4 13. Nxd4 Be6 14. Nd5 Bd7 15.
Nb6 1/2-1/2

[Event "Uni Muenster 1 - Uni Augsburg 3"]
[Site "Augsburg"]
[Date "2009.10.10"]
[Round "4.2"]
[White "Rehfeldt, Frank"]
[Black "Woniak, Katarzyna"]
[Result "1/2-1/2"]
[WhiteElo "2082"]
[BlackElo "2009"]
[PlyCount "34"]
[EventDate "2009.10.08"]

1. e4 g6 2. d4 Bg7 3. Nf3 d6 4. h3 c6 5. Nc3 Nf6 6. Bd3 O-O 7. O-O Qc7 8. Bf4
Nbd7 9. Qd2 e5 10. Bh6 Re8 11. Bxg7 Kxg7 12. Rfe1 b5 13. Ne2 a6 14. Ng3 exd4
15. Nxd4 c5 16. Nf3 Ne5 17. Nxe5 dxe5 1/2-1/2

[Event "Uni Muenster 1 - Uni Augsburg 3"]
[Site "Augsburg"]
[Date "2009.10.10"]
[Round "4.3"]
[White "Giannino, Domenico"]
[Black "Herud, Martin"]
[Result "1/2-1/2"]
[WhiteElo "1959"]
[BlackElo "2023"]
[PlyCount "98"]
[EventDate "2009.10.08"]

1. e4 c5 2. Nf3 d6 3. d4 cxd4 4. Nxd4 Nf6 5. Nc3 g6 6. Be3 Bg7 7. f3 Nc6 8. Qd2
O-O 9. Bc4 Bd7 10. O-O-O Rb8 11. h4 b5 12. Bb3 Nxd4 13. Bxd4 a5 14. a4 bxa4 15.
Bxa4 Bxa4 16. Nxa4 Rb4 17. b3 Nxe4 18. Qe3 Rxd4 19. Rxd4 Ng3 20. Rdd1 Nxh1 21.
Rxh1 Qd7 22. h5 Qf5 23. hxg6 hxg6 24. Qxe7 Rc8 25. Qe4 Qf6 26. Rd1 d5 27. Rxd5
Qa1+ 28. Kd2 Qf1 29. f4 Bh6 30. Rd4 Qf2+ 31. Kd1 Kf8 32. Nb6 Re8 33. Nd7+ Kg7
34. Qxe8 Qxd4+ 35. Ke2 Qxf4 36. Qe5+ Qxe5+ 37. Nxe5 Bf4 38. Nc6 Bc7 39. c4 Kf6
40. Kd3 Ke6 41. b4 axb4 42. Nxb4 Kf5 43. c5 Kg4 44. Ke2 Kg3 45. Nd5 Bd8 46. Kf1
f5 47. c6 f4 48. c7 Bxc7 49. Nxc7 f3 1/2-1/2

[Event "Uni Muenster 1 - Uni Augsburg 3"]
[Site "Augsburg"]
[Date "2009.10.10"]
[Round "4.4"]
[White "Stopka, Tobias"]
[Black "Sedelmayr, Werner"]
[Result "0-1"]
[WhiteElo "1892"]
[BlackElo "1688"]
[PlyCount "72"]
[EventDate "2009.10.08"]

1. e4 d5 2. exd5 Nf6 3. d4 Nxd5 4. Bd3 g6 5. Nf3 Bg7 6. h3 O-O 7. O-O Nc6 8. c3
e5 9. Nxe5 Nxe5 10. dxe5 Bxe5 11. Bh6 Re8 12. Qf3 Be6 13. Nd2 Qh4 14. Be3 Rad8
15. Ne4 Nxe3 16. Qxe3 Bd5 17. Qg5 Qxg5 18. Nxg5 Bf6 19. h4 h6 20. Nh3 Bxg2 21.
Kxg2 Rxd3 22. h5 g5 23. Rfe1 Red8 24. Re4 Rd2 25. Rb1 Rc2 26. Ra4 a6 27. Rb4 b5
28. a4 c5 29. Re4 Kf8 30. axb5 axb5 31. Kf3 Rdd2 32. Ra1 Rxb2 33. Ra8+ Kg7 34.
Ree8 Bxc3 35. Rf8 Kf6 36. Rh8 Kf5 0-1

[Event "Uni Leipzig - Uni Karlsruhe 2"]
[Site "Augsburg"]
[Date "2009.10.10"]
[Round "4.1"]
[White "Strohhaeker, Ralph"]
[Black "Schuetze, Norman"]
[Result "1/2-1/2"]
[WhiteElo "2073"]
[BlackElo "2278"]
[PlyCount "152"]
[EventDate "2009.10.08"]

1. c4 e5 2. Nc3 Nc6 3. g3 g6 4. Bg2 Bg7 5. d3 d6 6. e3 Nf6 7. Nge2 O-O 8. O-O
Be6 9. Rb1 d5 10. cxd5 Nxd5 11. d4 exd4 12. exd4 Qd7 13. Qa4 Nxc3 14. bxc3 Nxd4
15. Qd1 Nxe2+ 16. Qxe2 Qa4 17. Rb4 Qa5 18. Rxb7 Rab8 19. Rxb8 Rxb8 20. Bf4 Qxc3
21. Rc1 Qb2 22. Qd1 Qd4 23. Be3 Qxd1+ 24. Rxd1 Bxa2 25. Bxa7 Rb1 26. Rxb1 Bxb1
27. f4 Bd3 28. Bc6 Bc3 29. Kf2 Ba5 30. Ke3 Bf1 31. Bc5 Bb6 32. Kd4 Kg7 33. Bf3
Ba6 34. Bd1 Kf6 35. Kd5 Bb7+ 36. Kc4 Bxc5 37. Kxc5 Kf5 38. Kd4 Bc8 39. Kd5 Bb7+
40. Kd4 f6 41. Be2 Ke6 42. Kc5 g5 43. Bg4+ Ke7 44. Bf5 h6 45. Bg4 Be4 46. Bc8
Bg6 47. Bg4 Be8 48. Bf5 Bd7 49. Bd3 Kf7 50. Be4 Kg7 51. Bd3 Be8 52. Bc4 h5 53.
h4 gxh4 54. gxh4 Bd7 55. Bd3 Kf7 56. Bc2 Ke7 57. Bd3 Bg4 58. Bc2 Bf3 59. Bd3
Kd7 60. Bc4 Be4 61. Bb3 Ke7 62. Bc4 Kf8 63. Be2 Bg6 64. Bc4 Be8 65. Bd3 Kg7 66.
Bc4 Bg6 67. Bd5 Bc2 68. Kc6 Kg6 69. Be6 Bf5 70. Bd5 Bc2 71. Be6 Bf5 72. Bd5 Bd3
73. Be6 Be2 74. Kxc7 Bg4 75. Kd6 Kg7 76. Ke7 Be2 1/2-1/2

[Event "Uni Leipzig - Uni Karlsruhe 2"]
[Site "Augsburg"]
[Date "2009.10.10"]
[Round "4.2"]
[White "Schoeneberg, Manfred"]
[Black "Fucik, Timo"]
[Result "1-0"]
[WhiteElo "2298"]
[BlackElo "2093"]
[PlyCount "75"]
[EventDate "2009.10.08"]

1. e4 c5 2. Nf3 d6 3. d4 Nf6 4. Nc3 cxd4 5. Nxd4 a6 6. g3 e6 7. Bg2 Be7 8. O-O
Bd7 9. Bg5 Nc6 10. Nb3 b5 11. a4 b4 12. Ne2 Rc8 13. Nbd4 Qc7 14. Nxc6 Bxc6 15.
c3 Bxe4 16. Bxe4 Nxe4 17. Bxe7 Qxe7 18. Qd4 Ng5 19. f4 e5 20. Qe3 exf4 21.
Qxe7+ Kxe7 22. Nxf4 bxc3 23. Rae1+ Kd7 24. h4 Ne6 25. Nd5 Rcf8 26. Nxc3 f6 27.
Rf2 Nc5 28. Rd2 Re8 29. Red1 Re6 30. b4 Nb7 31. Kf2 Rc8 32. Nd5 Rb8 33. Rc1 g5
34. Rc7+ Ke8 35. Rxh7 Nd8 36. Nc7+ Kf8 37. Nxe6+ Nxe6 38. Rh8+ 1-0

[Event "Uni Leipzig - Uni Karlsruhe 2"]
[Site "Augsburg"]
[Date "2009.10.10"]
[Round "4.3"]
[White "Augner, Bjoern"]
[Black "Schindler, Christian"]
[Result "1/2-1/2"]
[WhiteElo "2007"]
[BlackElo "2152"]
[PlyCount "131"]
[EventDate "2009.10.08"]

1. Nf3 Nf6 2. c4 d5 3. cxd5 Nxd5 4. Nc3 g6 5. Qa4+ Nc6 6. Ne5 Nxc3 7. dxc3 Bd7
8. Nxd7 Qxd7 9. e4 Ne5 10. Qxd7+ Nxd7 11. Be3 e6 12. O-O-O Bc5 13. Bxc5 Nxc5
14. f3 Ke7 15. Bc4 Rad8 16. Rd4 e5 17. Rxd8 Rxd8 18. h4 h6 19. Kc2 c6 20. b4
Na4 21. Bb3 Nb6 22. a4 Rd6 23. c4 Rd4 24. Kc3 Nd7 25. c5 a5 26. Bc4 b6 27. h5
g5 28. bxa5 bxa5 29. Rb1 Nxc5 30. Rb8 Nxa4+ 31. Kb3 Nc5+ 32. Kc3 g4 33. Rc8
gxf3 34. gxf3 Rd6 35. Rc7+ Nd7 36. Ra7 Rf6 37. Be2 Rf4 38. Rxa5 f5 39. exf5
Rxf5 40. Ra6 Kd6 41. Kd2 Rxh5 42. f4 Rh2 43. fxe5+ Nxe5 44. Ke3 Kd5 45. Ra8 Rh4
46. Rd8+ Kc5 47. Rh8 Nc4+ 48. Kd3 Rh3+ 49. Kc2 Ne3+ 50. Kd2 Kd4 51. Rd8+ Nd5
52. Rg8 h5 53. Rh8 Nf4 54. Rd8+ Kc5 55. Bf1 Rf3 56. Ke1 h4 57. Rh8 h3 58. Be2
Re3 59. Kf2 Rxe2+ 60. Kg3 Ng6 61. Rh5+ Re5 62. Rxh3 Kd4 63. Rh7 c5 64. Rd7+ Rd5
65. Rc7 Kd3 66. Rc8 1/2-1/2

[Event "Uni Leipzig - Uni Karlsruhe 2"]
[Site "Augsburg"]
[Date "2009.10.10"]
[Round "4.4"]
[White "Pruefer, Friedbert"]
[Black "Juszczak, Anna"]
[Result "1-0"]
[WhiteElo "2073"]
[BlackElo "2042"]
[PlyCount "81"]
[EventDate "2009.10.08"]

1. d4 d5 2. Nf3 Nf6 3. g3 e6 4. Bg2 Nbd7 5. O-O Be7 6. c4 c6 7. Qc2 O-O 8. b3
Re8 9. Nc3 Nf8 10. Rd1 Ng6 11. Bb2 Bd7 12. e4 h5 13. Ne5 dxc4 14. Nxg6 fxg6 15.
bxc4 g5 16. e5 Ng4 17. Qg6 Nh6 18. Qxh5 Rf8 19. Qe2 Qa5 20. Ne4 Qc7 21. Rac1
Qb6 22. Qd2 Be8 23. Bc3 Bh5 24. Re1 Qd8 25. h3 Bf3 26. Bxf3 Rxf3 27. Qe2 Qf8
28. Nf6+ gxf6 29. Qxf3 f5 30. d5 g4 31. hxg4 Nxg4 32. d6 Bg5 33. Rcd1 Qh6 34.
Qg2 Kf7 35. f4 Bxf4 36. gxf4 Rg8 37. d7 Rd8 38. Qg3 c5 39. Kg2 Ke7 40. Rh1 Qg7
41. Kf3 1-0

[Event "Uni Muenster 2 - Uni Bamberg"]
[Site "Augsburg"]
[Date "2009.10.10"]
[Round "4.1"]
[White "Heinz, Axel"]
[Black "Webner, Dennis"]
[Result "1-0"]
[WhiteElo "2436"]
[BlackElo "2048"]
[PlyCount "81"]
[EventDate "2009.10.08"]

1. e4 d5 2. exd5 Nf6 3. d4 Nxd5 4. c4 Nb4 5. a3 N4c6 6. d5 Ne5 7. Bf4 Ng6 8.
Bg5 c6 9. Nc3 Qc7 10. Nf3 Nd7 11. Be2 Nf6 12. O-O e5 13. Qd2 h6 14. Bxf6 gxf6
15. Rad1 Bf5 16. d6 Qd7 17. Bd3 O-O-O 18. Bxf5 Qxf5 19. c5 Nf4 20. Ne2 Nxe2+
21. Qxe2 Rg8 22. Rfe1 Qh3 23. g3 h5 24. Qc4 Rd7 25. Qe4 Qg4 26. Nh4 Bh6 27. Nf5
Bf8 28. h4 Kb8 29. b4 a6 30. Kg2 Ka8 31. Qxg4 Rxg4 32. f4 Bg7 33. Kf3 Ka7 34.
Re4 Bh8 35. Ne3 Rg8 36. Nf5 Rg4 37. fxe5 Rxe4 38. Kxe4 fxe5 39. Ne7 Bg7 40. Rf1
f6 41. Kf5 1-0

[Event "Uni Muenster 2 - Uni Bamberg"]
[Site "Augsburg"]
[Date "2009.10.10"]
[Round "4.2"]
[White "Wolffgang, Georg"]
[Black "Sonnenberg, Christoph"]
[Result "0-1"]
[WhiteElo "1828"]
[BlackElo "1858"]
[PlyCount "42"]
[EventDate "2009.10.08"]

1. d4 g6 2. e4 d6 3. Nc3 Bg7 4. f4 Nd7 5. Nf3 c5 6. Be3 Ngf6 7. h3 Nh5 8. Bc4
Nb6 9. Bb5+ Bd7 10. g4 Bxb5 11. Nxb5 Ng3 12. Rg1 Nxe4 13. Qd3 d5 14. c3 Nc4 15.
Rb1 Qa5 16. a4 a6 17. b4 Qd8 18. bxc5 axb5 19. axb5 Nxe3 20. Qxe3 Ra3 21. Nd2
Rxc3 0-1

[Event "Uni Muenster 2 - Uni Bamberg"]
[Site "Augsburg"]
[Date "2009.10.10"]
[Round "4.3"]
[White "Stich, Christopher"]
[Black "Braun, Oskar"]
[Result "1/2-1/2"]
[WhiteElo "1973"]
[BlackElo "1691"]
[PlyCount "81"]
[EventDate "2009.10.08"]

1. e4 d5 2. exd5 Qxd5 3. Nc3 Qa5 4. d4 Nf6 5. Nf3 c6 6. Bd3 Bg4 7. h3 Bh5 8.
Bd2 e6 9. Qe2 Bb4 10. a3 Bxc3 11. Bxc3 Qc7 12. O-O-O Nbd7 13. g4 Bg6 14. Bxg6
hxg6 15. Ng5 Nb6 16. Bd2 O-O-O 17. Be3 Nh7 18. Qf3 Nxg5 19. Bxg5 Rd5 20. Bf4
Qd7 21. c3 Nc4 22. Qd3 b5 23. b3 Nb6 24. c4 bxc4 25. bxc4 Ra5 26. c5 Nd5 27.
Be5 Qb7 28. Kc2 f6 29. Rb1 Rb5 30. Bd6 Qa6 31. Rxb5 Qxb5 32. Qxb5 cxb5 33. h4
Kd7 34. Bg3 Ne7 35. Kd3 Nc6 36. Rb1 a6 37. a4 b4 38. Kc4 a5 39. Rd1 Ne7 40. Kb5
Ra8 41. Bd6 1/2-1/2

[Event "Uni Augsburg 3 - TU Dresden"]
[Site "Augsburg"]
[Date "2009.10.10"]
[Round "5.1"]
[White "Loxine, Iakov"]
[Black "Muench, Klaus-Norbert"]
[Result "1/2-1/2"]
[WhiteElo "2365"]
[BlackElo "2147"]
[PlyCount "47"]
[EventDate "2009.10.08"]

1. Nf3 Nf6 2. c4 g6 3. Nc3 Bg7 4. e4 O-O 5. d4 d6 6. h3 c5 7. d5 e6 8. Bd3 exd5
9. exd5 Re8+ 10. Be3 Bh6 11. O-O Bxe3 12. fxe3 Nbd7 13. e4 Ne5 14. Nxe5 dxe5
15. Rf2 Rf8 16. Qd2 Kg7 17. Qg5 Qe7 18. Qe3 Ne8 19. a3 Bd7 20. Rb1 b6 21. b4
Rc8 22. b5 Nd6 23. Rbf1 f6 24. Ne2 1/2-1/2

[Event "Uni Augsburg 3 - TU Dresden"]
[Site "Augsburg"]
[Date "2009.10.10"]
[Round "5.2"]
[White "Woniak, Katarzyna"]
[Black "Zwahr, Paul"]
[Result "0-1"]
[WhiteElo "2009"]
[BlackElo "2275"]
[PlyCount "62"]
[EventDate "2009.10.08"]

1. d4 Nf6 2. g3 c5 3. e3 g6 4. Bg2 Bg7 5. Nf3 O-O 6. O-O d6 7. c3 Nc6 8. Nbd2
Rb8 9. Qe2 b5 10. Rd1 Qb6 11. b3 cxd4 12. cxd4 b4 13. Nc4 Qa6 14. Re1 Na5 15.
Nxa5 Qxa5 16. Bb2 Qh5 17. Rec1 Bb7 18. Qd1 Bh6 19. h3 Qa5 20. a3 bxa3 21. Rxa3
Qb6 22. Bc3 Rfc8 23. Ba5 Qb5 24. Bd2 Rxc1 25. Bxc1 a6 26. Ne1 Bxg2 27. Nxg2 Rc8
28. Bb2 Ne4 29. Ne1 Qf5 30. Qf3 Qxf3 31. Nxf3 Rc2 0-1

[Event "Uni Augsburg 3 - TU Dresden"]
[Site "Augsburg"]
[Date "2009.10.10"]
[Round "5.3"]
[White "Siedentopf, Daniel"]
[Black "Giannino, Domenico"]
[Result "1-0"]
[WhiteElo "2227"]
[BlackElo "1959"]
[PlyCount "91"]
[EventDate "2009.10.08"]

1. d4 Nf6 2. c4 e6 3. Nc3 c5 4. d5 exd5 5. cxd5 Bd6 6. Nf3 O-O 7. Bg5 Re8 8. e3
Bc7 9. Qa4 h6 10. Bh4 g5 11. Bg3 Ba5 12. Rd1 a6 13. Be5 b5 14. Bxf6 Bxc3+ 15.
bxc3 Qxf6 16. Bxb5 Qxc3+ 17. Nd2 Bb7 18. Bc4 a5 19. h4 g4 20. O-O Qf6 21. Rb1
Bc8 22. h5 Re5 23. Be2 Rxd5 24. Qxg4+ Kh8 25. Ne4 Qg7 26. Qf4 Nc6 27. Rb6 Re5
28. Rd1 Re6 29. Nxc5 Nd4 30. Nxe6 Nxe2+ 31. Kf1 Nxf4 32. Nxg7 Ba6+ 33. Rxa6
Rxa6 34. exf4 Kxg7 35. Rxd7 Kf6 36. Rd5 a4 37. g4 a3 38. Kg2 Ra4 39. Kg3 Rc4
40. Ra5 Rc3+ 41. f3 Rd3 42. Ra6+ Kg7 43. g5 hxg5 44. fxg5 Rd5 45. Kg4 Rd4+ 46.
f4 1-0

[Event "Uni Augsburg 3 - TU Dresden"]
[Site "Augsburg"]
[Date "2009.10.10"]
[Round "5.4"]
[White "Sedelmayr, Werner"]
[Black "Zimmermann, Rene"]
[Result "0-1"]
[WhiteElo "1688"]
[BlackElo "2044"]
[PlyCount "50"]
[EventDate "2009.10.08"]

1. e4 e6 2. d4 d5 3. Nc3 Bb4 4. e5 Ne7 5. Nf3 c5 6. a3 Bxc3+ 7. bxc3 Nbc6 8.
Bd3 Qa5 9. Bd2 c4 10. Be2 O-O 11. h4 f6 12. exf6 Rxf6 13. h5 Qc7 14. Bg5 Rf7
15. O-O h6 16. Bxe7 Qxe7 17. Ne5 Nxe5 18. dxe5 Qg5 19. Qd4 Rf4 20. Qe3 Bd7 21.
Rae1 b6 22. g3 Raf8 23. Bd1 Bc6 24. Kh2 d4 25. cxd4 Rh4+ 0-1